000 00345pab a2200157 454500
008 180718b2013 xxu||||| |||| 00| 0 eng d
100 _aNaik, B.M.
245 _aCritique on RUSA
260 _c2013
300 _ap.94-101.
362 _a30 Sep
650 _aHigher education
773 _aUniversity News
908 _aN
909 _a101545
999 _c101543
_d101543